Sports Quiz

Random Sports Quiz

WNBA Teams of All Time Quiz Stats

Quiz not verified by Sporcle

Challenge
Share
Tweet
Embed
Score 0/22 Timer 03:00
0 Plays Today
Hint Answer % Correct
New York Liberty
89.7%
Los Angeles Sparks
87.2%
Houston Comets
79.5%
Minnesota Lynx
74.4%
Atlanta Dream
66.7%
Chicago Sky
66.7%
Phoenix Mercury
66.7%
Seattle Storm
66.7%
Indiana Fever
64.1%
Detroit Shock
64.1%
Connecticut Sun
61.5%
Hint Answer % Correct
Miami Sol
59%
Washington Mystics
56.4%
Tulsa Shock
56.4%
Sacramento Monarchs
56.4%
Charlotte Sting
51.3%
San Antonio Silver Stars
41%
Cleveland Rockers
35.9%
Orlando Miracle
25.6%
Portland Fire
25.6%
San Antonio Stars
20.5%
Utah Starrz
7.7%

You're not logged in!

Compare scores with friends on all Sporcle quizzes.
Sign Up with Email
OR
Log In

You Might Also Like...

Show Comments

Extras

Top Quizzes Today


Score Distribution

Your Account Isn't Verified!

In order to create a playlist on Sporcle, you need to verify the email address you used during registration. Go to your Sporcle Settings to finish the process.

Report this User

Report this user for behavior that violates our Community Guidelines.

Details: